Problematika fiškálnej únie v rámci eurozóny diplomová práca

Na minha lista:
Detalhes bibliográficos
Autor principal: Betáková, Mária
Autor Corporativo: Obchodná fakulta EU. Katedra medzinárodného obchodu
Outros Autores: Fifek, Edmund
Formato: Livro
Idioma:eslovaco
Publicado em: Bratislava 2013
Tags: Adicionar Tag
Sem tags, seja o primeiro a adicionar uma tag!

MARC

LEADER 00000nbm a2200000 4500
001 0169578
005 20161109102313.1
041 0 |a slo 
044 |a SK 
245 1 0 |a Problematika fiškálnej únie v rámci eurozóny  |b diplomová práca  |c Mária Betáková ; školiteľ: Edmund Fifek 
264 1 |a Bratislava  |c 2013 
300 |a 89 s. 
100 1 |a Betáková, Mária 
700 1 |a Fifek, Edmund 
710 2 |a Obchodná fakulta EU. Katedra medzinárodného obchodu